[Event "FIN-ch (Women)"]
[Site "Helsinki"]
[Date "2018.06.19"]
[Round "9"]
[White "Nazarova, Anastasia"]
[Black "Walta, Paivi"]
[Result "1/2-1/2"]
[WhiteElo "2137"]
[BlackElo "1634"]
[PlyCount "107"]
[EventDate "2018.06.11"]
[EventType "tourn"]
[EventRounds "9"]
[EventCountry "FIN"]
[SourceTitle "EXT 2020"]
[Source "ChessBase"]
[SourceDate "2019.10.17"]
[SourceVersion "1"]
[SourceVersionDate "2019.10.17"]
[SourceQuality "1"]

1. e4 c5 2. Nf3 Nc6 3. d4 cxd4 4. Nxd4 g6 5. c4 Nf6 6. Nc3 d6 7. Be2 Bg7 8. Be3 0-0 9. 0-0 Bd7 10. Qd2 Ng4 11. Bxg4 Bxg4 12. f3 Bd7 13. Rfd1 b6 14. Rac1 a5 15. Ndb5 Rb8 16. Qf2 Ne5 17. b3 Bc6 18. Nd5 Bxb5 19. cxb5 Nd7 20. Rc6 Nc5 21. a4 Rb7 22. Nxb6 Rxb6 23. Bxc5 Rxc6 24. bxc6 Qc8 25. Bb6 Qxc6 26. Bxa5 Rb8 27. Rd3 Qc1+ 28. Be1 Bh6 29. Qe2 Rc8 30. Rd1 Qa3 31. Qd3 Qa2 32. Bd2 Rc2 33. f4 Rb2 34. b4 Qxa4 35. Rc1 Qa2 36. Qh3 Rxd2 37. Qxh6 Rc2 38. f5 Qb2 39. Rxc2 Qxc2 40. Qh4 Qb2 41. h3 Qxb4 42. Qxe7 Qd4+ 43. Kh1 Qa1+ 44. Kh2 Qe5+ 45. Qxe5 dxe5 46. g4 f6 47. Kg3 Kf7 48. h4 h6 49. fxg6+ Kxg6 50. Kf3 Kf7 51. Kf2 Ke6 52. Ke3 Kf7 53. Kf3 Ke6 54. Kg3 1/2-1/2

[Event "FIN-ch (Women)"]
[Site "Helsinki"]
[Date "2018.06.17"]
[Round "7"]
[White "Turunen, Tiina"]
[Black "Walta, Paivi"]
[Result "1-0"]
[WhiteElo "1665"]
[BlackElo "1634"]
[PlyCount "103"]
[EventDate "2018.06.11"]
[EventType "tourn"]
[EventRounds "9"]
[EventCountry "FIN"]
[SourceTitle "EXT 2020"]
[Source "ChessBase"]
[SourceDate "2019.10.17"]
[SourceVersion "1"]
[SourceVersionDate "2019.10.17"]
[SourceQuality "1"]

1. d4 d6 2. Nf3 Nf6 3. h3 g6 4. Bf4 Bg7 5. e3 0-0 6. Bd3 Nfd7 7. e4 e5 8. Be3 Nc6 9. c3 Ne7 10. Na3 a6 11. Nc2 b5 12. Nd2 Nb6 13. d5 f5 14. Bxb6 cxb6 15. 0-0 Bb7 16. f3 Kh8 17. Qe2 g5 18. a4 bxa4 19. Rxa4 b5 20. Rb4 Ng6 21. g3 Bc8 22. Kh2 Bd7 23. exf5 Bxf5 24. Bxf5 Rxf5 25. Ne3 Rf7 26. Ne4 Qe7 27. c4 h6 28. cxb5 Rb8 29. b6 Qd8 30. Qxa6 Rfb7 31. Nc4 Bf8 32. Qb5 Rc8 33. b3 Be7 34. Ra1 h5 35. Ra7 Rcb8 36. Rxb7 Rxb7 37. Na5 h4 38. Nxb7 hxg3+ 39. Nxg3 Qc8 40. Qc6 Qf8 41. Qc3 Nh4 42. Rxh4+ gxh4 43. Ne2 Bg5 44. Qd3 Be7 45. Na5 Bd8 46. Qe3 Bxb6 47. Qxb6 Qxf3 48. Qd8+ Kg7 49. Qg5+ Kf7 50. Qg2 e4 51. Qxf3+ exf3 52. Nd4 1-0

[Event "Olympiad Women-42"]
[Site "Baku"]
[Date "2016.09.04"]
[Round "3.37"]
[White "Walta, Paivi"]
[Black "Aliaga Fernandez, Ingrid Yadira"]
[Result "0-1"]
[WhiteElo "1735"]
[BlackElo "2096"]
[PlyCount "90"]
[EventDate "2016.09.02"]
[EventType "team-swiss"]
[EventRounds "11"]
[EventCountry "AZE"]
[SourceTitle "CBM 174 Extra"]
[Source "ChessBase"]
[SourceDate "2016.10.10"]
[SourceVersion "1"]
[SourceVersionDate "2016.10.10"]
[SourceQuality "1"]
[WhiteTeam "Finland (W)"]
[BlackTeam "Peru (W)"]
[WhiteTeamCountry "FIN"]
[BlackTeamCountry "PER"]

1. e4 c5 2. c3 d5 3. exd5 Qxd5 4. d4 Nf6 5. Nf3 Bg4 6. Be2 e6 7. 0-0 Nc6 8. h3 Bh5 9. Be3 cxd4 10. cxd4 Be7 11. Nc3 Qd6 12. a3 0-0 13. b4 Rac8 14. Nb5 Qb8 15. Qb3 Rfd8 16. Rfd1 Nd5 17. Rac1 Bf6 18. Nc3 Nxc3 19. Rxc3 Bxf3 20. Bxf3 Nxd4 21. Bxd4 Bxd4 22. Rxc8 Qxc8 23. Be4 g6 24. Qf3 Qd7 25. Kf1 b6 26. Bc6 Qd6 27. b5 Qc5 28. g3 Kg7 29. Kg2 Rd6 30. Be8 Qc7 31. h4 e5 32. Rd2 Rf6 33. Qd3 Qe7 34. Bc6 Rd6 35. Re2 Bxf2 36. Qb3 Bc5 37. a4 h5 38. Qc3 Rd4 39. a5 bxa5 40. Qxa5 Rd1 41. Qc3 Bd4 42. Qf3 Rc1 43. Kh2 Rc3 44. Qe4 Qf6 45. Qg2 Rc1 0-1

[Event "Golden Sands op-B"]
[Site "Golden Sands"]
[Date "2015.06.13"]
[Round "6"]
[White "Walta, Paivi"]
[Black "Alothman, Abdul Wahab"]
[Result "1-0"]
[WhiteElo "1738"]
[BlackElo "2141"]
[PlyCount "55"]
[EventDate "2015.06.08"]
[EventType "swiss"]
[EventRounds "9"]
[EventCountry "BUL"]
[SourceTitle "CBM 167 Extra"]
[Source "ChessBase"]
[SourceDate "2015.09.14"]
[SourceVersion "1"]
[SourceVersionDate "2015.09.14"]
[SourceQuality "1"]

1. e4 c5 2. c3 g6 3. d4 cxd4 4. cxd4 Bg7 5. Nc3 d6 6. Be2 Nc6 7. Nf3 Nf6 8. 0-0 Bg4 9. h3 Bxf3 10. Bxf3 Qb6 11. d5 Nd4 12. Qa4+ Kf8 13. Bd1 Rd8 14. Rb1 Nd7 15. b4 Ne5 16. b5 Rc8 17. Be3 Rxc3 18. Bxd4 Nf3+ 19. Bxf3 Bxd4 20. Qb4 Rc2 21. a4 Bxf2+ 22. Kh1 Kg7 23. a5 Qe3 24. Bg4 h5 25. Bd1 Rd2 26. Rb3 Qg5 27. Rf3 Bc5 28. Qc3+ 1-0

[Event "Golden Sands op-B"]
[Site "Golden Sands"]
[Date "2015.06.08"]
[Round "1"]
[White "Grochtmann, Stephan"]
[Black "Walta, Paivi"]
[Result "1-0"]
[WhiteElo "2118"]
[BlackElo "1738"]
[PlyCount "79"]
[EventDate "2015.06.08"]
[EventType "swiss"]
[EventRounds "9"]
[EventCountry "BUL"]
[SourceTitle "CBM 167 Extra"]
[Source "ChessBase"]
[SourceDate "2015.09.14"]
[SourceVersion "1"]
[SourceVersionDate "2015.09.14"]
[SourceQuality "1"]

1. e4 c5 2. d4 g6 3. c3 cxd4 4. Nf3 Bg7 5. Bc4 Nh6 6. cxd4 0-0 7. Nc3 d6 8. h3 Nc6 9. Be3 Kh8 10. 0-0 Ng8 11. Qe2 e6 12. Rfd1 Qe7 13. Rac1 Bd7 14. Bg5 f6 15. Bh4 Bh6 16. Rb1 Rae8 17. b4 d5 18. exd5 exd5 19. Qxe7 Ngxe7 20. Nxd5 Nxd5 21. Bxd5 Bf5 22. Rb2 Nd8 23. Re1 Rxe1+ 24. Nxe1 b6 25. Re2 a6 26. g4 Bd7 27. Re7 Bb5 28. Ng2 Bd2 29. a3 Bc3 30. Ne3 Bxd4 31. Bg3 Bb2 32. Bf4 Re8 33. Rxe8+ Bxe8 34. Nc4 Bd4 35. Bc7 Nf7 36. Bxb6 Bxb6 37. Nxb6 Ne5 38. Nc4 Nd3 39. Nd6 Ba4 40. Bc4 1-0

[Event "Olympiad Women-40"]
[Site "Istanbul"]
[Date "2012.09.05"]
[Round "8.3"]
[White "Walta, Paivi"]
[Black "Atabayeva, Gozel"]
[Result "0-1"]
[WhiteElo "1808"]
[BlackElo "2076"]
[PlyCount "104"]
[EventDate "2012.08.28"]
[EventType "team-swiss"]
[EventRounds "11"]
[EventCountry "TUR"]
[SourceTitle "CBM 150 Extra"]
[Source "ChessBase"]
[SourceDate "2012.10.19"]
[SourceVersion "1"]
[SourceVersionDate "2012.10.19"]
[SourceQuality "1"]
[WhiteTeam "Finland (W)"]
[BlackTeam "Turkmenistan (W)"]
[WhiteTeamCountry "FIN"]
[BlackTeamCountry "TKM"]

1. e4 c5 2. c3 d5 3. exd5 Qxd5 4. d4 Nc6 5. Nf3 Bg4 6. Be2 cxd4 7. cxd4 e6 8. Nc3 Qa5 9. 0-0 Nf6 10. h3 Bh5 11. Be3 Be7 12. Qb3 Qb4 13. Qxb4 Bxb4 14. g4 Bg6 15. Ne5 0-0 16. Bf3 Rac8 17. g5 Bxc3 18. bxc3 Nd5 19. Nxg6 hxg6 20. Bd2 Na5 21. Rfc1 Nc4 22. Be1 Nf4 23. Bxb7 Rc7 24. Rcb1 Nxh3+ 25. Kh2 Nxg5 26. Bg2 Nh7 27. Rb4 Nf6 28. Bf1 Rfc8 29. Rab1 Nd5 30. Rb7 Ncb6 31. Rxc7 Rxc7 32. Rb3 Kf8 33. a4 Nc4 34. Kg3 Ndb6 35. Rb4 a5 36. Rb5 Nxa4 37. Kf3 Ke7 38. Ke2 Nab6 39. Kd1 Nd5 40. Kc1 Nd6 41. Rxa5 Nxc3 42. Rc5 Nd5 43. Bg2 Kd7 44. Ba5 Rxc5+ 45. dxc5 Nb7 46. Bb4 Kc6 47. Bc3 Nxc5 48. Kd2 f6 49. Ke2 Kd6 50. Bd2 Nb3 51. Be4 Nxd2 52. Kxd2 f5 0-1

[Event "Olympiad Women-40"]
[Site "Istanbul"]
[Date "2012.08.31"]
[Round "4.3"]
[White "Karsokaite, Irena"]
[Black "Walta, Paivi"]
[Result "0-1"]
[WhiteElo "1632"]
[BlackElo "1808"]
[PlyCount "84"]
[EventDate "2012.08.28"]
[EventType "team-swiss"]
[EventRounds "11"]
[EventCountry "TUR"]
[SourceTitle "CBM 150 Extra"]
[Source "ChessBase"]
[SourceDate "2012.10.19"]
[SourceVersion "1"]
[SourceVersionDate "2012.10.19"]
[SourceQuality "1"]
[WhiteTeam "IBCA (W)"]
[BlackTeam "Finland (W)"]
[BlackTeamCountry "FIN"]

1. e4 g6 2. d4 Bg7 3. Nf3 d6 4. h3 a6 5. Bd3 Nd7 6. 0-0 c5 7. c3 b5 8. a4 c4 9. Bc2 Bb7 10. Nbd2 Qc7 11. Re1 Nh6 12. Ng5 0-0 13. Ndf3 e5 14. a5 Rae8 15. d5 Bc8 16. Be3 Nc5 17. Nh2 f6 18. Ngf3 Nf7 19. Kh1 Bd7 20. Rf1 Qc8 21. Ng1 f5 22. exf5 gxf5 23. f4 Ne4 24. Qf3 exf4 25. Bxf4 Ne5 26. Bxe5 Rxe5 27. Bxe4 fxe4 28. Qe3 Bf5 29. Ne2 Rxd5 30. Ng3 Rd3 31. Nxf5 Rxe3 32. Ne7+ Kh8 33. Nxc8 Rxc8 34. Rae1 Rxe1 35. Rxe1 d5 36. Ng4 b4 37. Ne3 bxc3 38. bxc3 Bxc3 39. Rd1 d4 40. Nd5 Bb2 41. Ne7 Rc5 42. Rf1 e3 0-1

[Event "Trieste op 12th"]
[Site "Trieste"]
[Date "2010.09.07"]
[Round "5"]
[White "Sorbera, Giovanni"]
[Black "Walta, Paivi"]
[Result "1-0"]
[WhiteElo "2010"]
[BlackElo "1846"]
[PlyCount "75"]
[EventDate "2010.09.04"]
[EventType "swiss"]
[EventRounds "9"]
[EventCountry "ITA"]
[SourceTitle "CBM 138 Extra"]
[Source "ChessBase"]
[SourceDate "2010.10.29"]
[SourceVersion "1"]
[SourceVersionDate "2010.10.29"]
[SourceQuality "1"]

1. e4 c5 2. Nf3 g6 3. c3 Bg7 4. d4 cxd4 5. cxd4 d5 6. e5 Bg4 7. Nc3 Nc6 8. Be3 e6 9. Nb5 Bf8 10. Be2 Bxf3 11. Bxf3 Qa5+ 12. Nc3 Bg7 13. 0-0 Nge7 14. Qd2 0-0 15. a3 f6 16. exf6 Bxf6 17. b4 Qd8 18. Ne2 Nf5 19. Bg4 Qd7 20. Bxf5 exf5 21. Rad1 a6 22. Rfe1 Rad8 23. Bg5 Qf7 24. Nc3 Rd7 25. Bxf6 Qxf6 26. Na4 Qf7 27. Nc5 Rd6 28. a4 Nd8 29. Re2 Re8 30. Rde1 Rxe2 31. Rxe2 Ne6 32. Qe3 Nxc5 33. bxc5 Rd7 34. f4 h6 35. Qe5 Kh7 36. Kf1 Qf8 37. Qe6 Qg7 38. Re5 1-0

[Event "Trieste op 12th"]
[Site "Trieste"]
[Date "2010.09.06"]
[Round "4"]
[White "Walta, Paivi"]
[Black "Petrachi, Gianni"]
[Result "1-0"]
[WhiteElo "1846"]
[BlackElo "1899"]
[PlyCount "98"]
[EventDate "2010.09.04"]
[EventType "swiss"]
[EventRounds "9"]
[EventCountry "ITA"]
[SourceTitle "CBM 138 Extra"]
[Source "ChessBase"]
[SourceDate "2010.10.29"]
[SourceVersion "1"]
[SourceVersionDate "2010.10.29"]
[SourceQuality "1"]

1. e4 e5 2. Bc4 Nf6 3. d3 Nc6 4. Nf3 Be7 5. c3 d6 6. Bb3 0-0 7. 0-0 Na5 8. Bc2 c5 9. h3 Nc6 10. Re1 Qc7 11. Na3 a6 12. d4 b5 13. d5 Na5 14. b4 Nb7 15. bxc5 Nxc5 16. Bd2 Bd7 17. Rc1 a5 18. Bb1 Rab8 19. Bg5 h6 20. Bxf6 Bxf6 21. Nc2 Na4 22. Ne3 Nxc3 23. Qd2 b4 24. Bd3 Ba4 25. a3 Qd7 26. Nc4 Bd8 27. Qb2 Bb5 28. axb4 Bxc4 29. Bxc4 axb4 30. Rxc3 bxc3 31. Qxb8 Ba5 32. Qb3 Qc7 33. Rb1 Rc8 34. Bd3 g5 35. Rc1 Bb6 36. Rc2 Bd4 37. Qa2 Qb6 38. Kh2 Rb8 39. Ng1 Rc8 40. Ne2 Qd8 41. Qa3 Qc7 42. Ng3 Kh7 43. Nf5 Rd8 44. Qb4 Qa7 45. Kg3 h5 46. Qb1 h4+ 47. Kh2 Kg6 48. Qd1 Qa3 49. Qg4 Rh8 1-0

[Event "EU-chT (Women) 08th"]
[Site "Novi Sad"]
[Date "2009.10.24"]
[Round "3"]
[White "Walta, Paivi"]
[Black "Gunina, Valentina"]
[Result "0-1"]
[WhiteElo "1893"]
[BlackElo "2437"]
[PlyCount "62"]
[EventDate "2009.10.22"]
[EventType "team-swiss"]
[EventRounds "9"]
[EventCountry "YUG"]
[SourceTitle "EXT 2010"]
[Source "ChessBase"]
[SourceDate "2010.11.25"]
[SourceVersion "1"]
[SourceVersionDate "2010.11.25"]
[SourceQuality "1"]
[WhiteTeam "Finland (W)"]
[BlackTeam "Russia (W)"]
[WhiteTeamCountry "FIN"]
[BlackTeamCountry "RUS"]

1. e4 c5 2. c3 d6 3. d4 Nf6 4. dxc5 Nc6 5. Bd3 dxc5 6. Qe2 Qc7 7. h3 g6 8. Nf3 Bg7 9. 0-0 0-0 10. Re1 e5 11. Be3 b6 12. Nbd2 Bb7 13. Nf1 Nh5 14. Rad1 Rad8 15. Bc4 Na5 16. Bd5 Bxd5 17. exd5 e4 18. N3h2 f5 19. Bg5 Rd7 20. Qd2 Nc4 21. Qc1 Qb7 22. b3 Ne5 23. d6 Nd3 24. Rxd3 exd3 25. Be7 Re8 26. Qe3 Rxd6 27. Nf3 Qd7 28. N1d2 Bf6 29. Bxd6 Rxe3 30. Rxe3 Qxd6 31. Nc4 Qd5 0-1

[Event "Olympiad Women-38"]
[Site "Dresden"]
[Date "2008.11.17"]
[Round "5"]
[White "Yanik, Emine"]
[Black "Walta, Paivi"]
[Result "1/2-1/2"]
[WhiteElo "2049"]
[BlackElo "1824"]
[PlyCount "54"]
[EventDate "2008.11.13"]
[EventType "team-swiss"]
[EventRounds "11"]
[EventCountry "GER"]
[SourceTitle "CBM 128"]
[Source "ChessBase"]
[SourceDate "2009.01.28"]
[SourceVersion "1"]
[SourceVersionDate "2009.01.28"]
[SourceQuality "1"]
[WhiteTeam "Turkey (W)"]
[BlackTeam "Finland (W)"]
[WhiteTeamCountry "TUR"]
[BlackTeamCountry "FIN"]

1. d4 f5 2. Nf3 Nf6 3. c4 g6 4. Nc3 Bg7 5. g3 0-0 6. Bg2 c6 7. 0-0 d6 8. Qc2 Na6 9. a3 Qe8 10. e3 Nc7 11. b3 e5 12. dxe5 dxe5 13. Bb2 Qe7 14. Ne2 Ne4 15. Nd2 Nxd2 16. Qxd2 Rd8 17. Qc3 Ne8 18. Qc2 Be6 19. Rfd1 Rd7 20. Rxd7 Bxd7 21. Rd1 Be6 22. Qd2 Bf6 23. Qa5 Bf7 24. Qd2 Be6 25. Qa5 Bf7 26. Qd2 Be6 27. Qa5 Bf7 1/2-1/2

[Event "Budapest Spring op 24th"]
[Site "Budapest"]
[Date "2008.03.26"]
[Round "6"]
[White "Walta, Paivi"]
[Black "Lantos, Attila"]
[Result "0-1"]
[WhiteElo "1847"]
[BlackElo "1978"]
[PlyCount "76"]
[EventDate "2008.03.21"]
[EventType "swiss"]
[EventRounds "9"]
[EventCountry "HUN"]
[SourceTitle "CBM 123 Extra"]
[Source "ChessBase"]
[SourceDate "2008.05.06"]
[SourceVersion "1"]
[SourceVersionDate "2008.05.06"]
[SourceQuality "1"]

1. e4 Nc6 2. Nf3 e5 3. Bc4 Be7 4. 0-0 Nf6 5. d3 0-0 6. c3 d5 7. exd5 Nxd5 8. Bb3 Bg4 9. h3 Bh5 10. Bc2 f5 11. Re1 Kh8 12. Nbd2 Bd6 13. Nc4 h6 14. Qe2 Qf6 15. Bd1 Rae8 16. Nxd6 cxd6 17. Qc2 Bf7 18. Nh2 Nf4 19. Be3 Nd5 20. Bd2 Nde7 21. Be2 g5 22. Rad1 Ng6 23. g3 Kh7 24. Bf1 Rg8 25. Bg2 d5 26. Qb3 e4 27. dxe4 dxe4 28. Qa4 Nge5 29. b3 Rd8 30. Be3 Nd3 31. Re2 Qxc3 32. Rb1 Rge8 33. Qb5 Bg6 34. Qxb7+ Re7 35. Qb5 Rf8 36. f4 Nd4 37. Bxd4 Qxd4+ 38. Kf1 gxf4 0-1

[Event "Nordic-ch (Women)"]
[Site "Vammala"]
[Date "2005.09.04"]
[Round "9"]
[White "Walta, Paivi"]
[Black "Kryger, Oksana"]
[Result "1/2-1/2"]
[WhiteElo "1826"]
[BlackElo "2125"]
[PlyCount "45"]
[EventDate "2005.08.24"]
[EventType "swiss"]
[EventRounds "9"]
[EventCountry "FIN"]
[SourceTitle "CBM 108 Extra"]
[Source "ChessBase"]
[SourceDate "2005.11.04"]
[SourceVersion "1"]
[SourceVersionDate "2005.11.04"]
[SourceQuality "1"]

1. e4 e6 2. d4 d5 3. exd5 exd5 4. c4 Nf6 5. Nc3 Be7 6. Nf3 0-0 7. h3 dxc4 8. Bxc4 Nbd7 9. 0-0 Nb6 10. Bd3 Nbd5 11. a3 c6 12. Re1 Qc7 13. Bg5 Be6 14. Qd2 Rad8 15. Rad1 Rfe8 16. Bc2 Nxc3 17. Qxc3 Nd5 18. Qd2 h6 19. Bxh6 Bf6 20. Bg5 Qe7 21. Bxf6 Qxf6 22. Qg5 Qxg5 23. Nxg5 1/2-1/2